00793cam a2200241 a 450000100100000000500170001000800410002702000150006804000180008304100380010108200180013910000510015724000270020824500930023526000300032830000210035849000250037953400360040465000220044065000260046270000380048883000250052600000780520200929154313.0000831s1997 ck 000 0 spa  a9589232396 aDO-SdBNPcDLC17aspaheng2Código de idioma MARC a869.341bE17r1 aQueiros, Eca de,c(José María)d1845-1900.10aA reliquia.lEspañol13aLa reliquia /cJosé María Eca de Queiroz ; traducción, Ramón del Valle Inclán. aBogota :bAltamir,c1997. a241 p. ;c21 cm.1 aBiblioteca Peregrina aTítulo original :tA reliquia 4aNovela portuguesa 4aLiteratura portuguesa1 aValle Inclán, Ramón del,etr. 0aBiblioteca Peregrina